[Event "14PCR_PF03"]
[Site "?"]
[Date "2003.??.??"]
[Round "1.1"]
[White "Hladecek, Miroslav"]
[Black "Dudek, Karel"]
[Result "1-0"]
[WhiteElo "2240"]
[BlackElo "1955"]
[PlyCount "47"]
[EventDate "2003.??.??"]
[EventType "tourn (corr)"]
[EventRounds "2"]
[SourceDate "2004.??.??"]

1. e4 d5 2. exd5 Nf6 3. Bb5+ Bd7 4. Bc4 Bg4 5. f3 Bc8 6. Nc3 Nbd7 7. f4 Nb6 8.
d3 Nbxd5 9. Nxd5 Nxd5 10. Nf3 Bg4 11. h3 Bxf3 12. Qxf3 e6 13. f5 Qd7 14. Be3
O-O-O 15. Bxa7 Qa4 16. Bf2 Qb4+ 17. c3 Qxb2 18. O-O Qxc3 19. fxe6 fxe6 20. Qe4
Rd7 21. Qxe6 Nf4 22. Qe8+ Rd8 23. Qe4 Bd6 24. Rab1 1-0

[Event "14PCR_PF03"]
[Site "?"]
[Date "2003.??.??"]
[Round "1.1"]
[White "Kuchtova, Ruzena"]
[Black "Dbaly, Vaclav"]
[Result "1/2-1/2"]
[WhiteElo "2155"]
[BlackElo "2015"]
[PlyCount "40"]
[EventDate "2003.??.??"]
[EventType "tourn (corr)"]
[EventRounds "2"]
[SourceDate "2004.??.??"]

1. c4 c5 2. Nf3 Nf6 3. Nc3 Nc6 4. d4 cxd4 5. Nxd4 e6 6. Bg5 Qa5 7. Bxf6 gxf6 8.
a3 Qb6 9. e3 Nxd4 10. exd4 f5 11. c5 Qc6 12. b4 Bg7 13. Nb5 O-O 14. Nd6 b6 15.
Be2 bxc5 16. bxc5 Rb8 17. O-O Ba6 18. Bxa6 Qxa6 19. Re1 Rb2 20. Rc1 Ra2 1/2-1/2

[Event "14PCR_PF03"]
[Site "?"]
[Date "2003.??.??"]
[Round "1.1"]
[White "Vladyka, Vaclav"]
[Black "Kyzlink, Vladimir"]
[Result "1-0"]
[WhiteElo "2150"]
[BlackElo "2115"]
[PlyCount "120"]
[EventDate "2003.??.??"]
[EventType "tourn (corr)"]
[EventRounds "2"]
[SourceDate "2004.??.??"]

1. e4 c5 2. Nf3 d6 3. d4 cxd4 4. Nxd4 Nf6 5. Nc3 e6 6. Be2 a6 7. O-O Be7 8. f4
O-O 9. Be3 Nc6 10. Kh1 Qc7 11. Qe1 Nxd4 12. Bxd4 b5 13. a3 Bb7 14. Qg3 Bc6 15.
Rae1 Rae8 16. Bd3 e5 17. Nd5 Nxd5 18. fxe5 g6 19. exd5 Bxd5 20. c3 Qd8 21. exd6
Bxd6 22. Qf2 f5 23. Rxe8 Rxe8 24. a4 Bc4 25. Qf3 Bxd3 26. Qxd3 Qh4 27. Bg1 Qc4
28. Rd1 Qxd3 29. Rxd3 Bf4 30. axb5 axb5 31. g3 Bh6 32. b3 Bg7 33. c4 bxc4 34.
bxc4 Rc8 35. c5 Bf8 36. Rc3 Rc6 37. Kg2 Kf7 38. Kf3 Ke6 39. Rc1 Rc7 40. Be3 Kd5
41. Rd1+ Kc6 42. g4 Rf7 43. Rb1 f4 44. Bf2 g5 45. Rb8 Kc7 46. Rb6 Rd7 47. Rf6
Be7 48. Re6 Bd8 49. Rh6 Kc8 50. c6 Rd3+ 51. Ke4 Rd2 52. Bd4 Re2+ 53. Kd3 Re7
54. Kc4 Rf7 55. Kd5 Kc7 56. Re6 Be7 57. Re1 Bd8 58. Be5+ Kb6 59. Rb1+ Ka6 60.
Rb8 Bb6 1-0

[Event "14PCR_PF03"]
[Site "?"]
[Date "2003.??.??"]
[Round "1.1"]
[White "Mudra, Oldrich"]
[Black "Jarabinsky, Martin"]
[Result "1-0"]
[WhiteElo "2145"]
[BlackElo "2135"]
[PlyCount "53"]
[EventDate "2003.??.??"]
[EventType "tourn (corr)"]
[EventRounds "2"]
[SourceDate "2004.??.??"]

1. d4 e6 2. c4 Nf6 3. Nf3 d5 4. Nc3 c6 5. e3 Nbd7 6. Qc2 Bd6 7. Be2 O-O 8. O-O
Re8 9. Rd1 Qe7 10. b3 b6 11. e4 Nxe4 12. Nxe4 dxe4 13. Qxe4 Bb4 14. Qxc6 Rb8
15. Qe4 Bb7 16. Qc2 e5 17. d5 e4 18. Nd4 Qf6 19. Be3 Bd6 20. Nb5 Bc5 21. Bxc5
Nxc5 22. b4 Nd7 23. Nxa7 Qg5 24. a4 e3 25. f3 Ne5 26. c5 Bxd5 27. Rxd5 1-0

[Event "14PCR_PF03"]
[Site "?"]
[Date "2003.??.??"]
[Round "1.2"]
[White "Dudek, Karel"]
[Black "Jarabinsky, Martin"]
[Result "0-1"]
[WhiteElo "1955"]
[BlackElo "2135"]
[PlyCount "42"]
[EventDate "2003.??.??"]
[EventType "tourn (corr)"]
[EventRounds "2"]
[SourceDate "2004.??.??"]

1. e4 c5 2. Nf3 d6 3. Bb5+ Bd7 4. Bxd7+ Qxd7 5. O-O e6 6. Qe2 Nc6 7. c3 Nf6 8.
d4 cxd4 9. cxd4 d5 10. e5 Ne4 11. Be3 Be7 12. Ne1 f6 13. f3 Ng5 14. Nd3 Nf7 15.
exf6 Bxf6 16. Qf2 O-O 17. Nc3 Nd6 18. Rac1 Nf5 19. Nc5 Qe7 20. Ne2 e5 21. dxe5
Bxe5 0-1

[Event "14PCR_PF03"]
[Site "?"]
[Date "2003.??.??"]
[Round "1.2"]
[White "Kyzlink, Vladimir"]
[Black "Mudra, Oldrich"]
[Result "0-1"]
[WhiteElo "2115"]
[BlackElo "2145"]
[PlyCount "92"]
[EventDate "2003.??.??"]
[EventType "tourn (corr)"]
[EventRounds "2"]
[SourceDate "2004.??.??"]

1. e4 c6 2. d4 d5 3. e5 Bf5 4. c4 e6 5. Nc3 dxc4 6. Bxc4 Nd7 7. Nge2 Ne7 8. O-O
Nb6 9. Bb3 Ned5 10. Ng3 Bg6 11. Nce4 Be7 12. Qg4 h5 13. Qe2 h4 14. Nh1 Nd7 15.
Bxd5 cxd5 16. Nc3 Rc8 17. Be3 h3 18. g4 Bb4 19. Rac1 Bxc3 20. bxc3 Nb6 21. f4
Be4 22. Ng3 Bg2 23. Rf2 Nc4 24. f5 Qh4 25. Bf4 g6 26. Qc2 Qxg4 27. Qa4+ Kf8 28.
Qd7 Nb6 29. Qxb7 gxf5 30. Qxa7 Nc4 31. Rb1 Be4 32. Qd7 Bxb1 33. Qxc8+ Kg7 34.
Qb7 Bd3 35. Qe7 Rb8 36. Qf6+ Kg8 37. Qg5+ Qxg5 38. Bxg5 Rb1+ 39. Nf1 f6 40. Bf4
fxe5 41. dxe5 Be4 42. a4 Kf7 43. Re2 Nb2 44. a5 Nd3 45. Be3 Nxe5 46. a6 Bd3 0-1

[Event "14PCR_PF03"]
[Site "?"]
[Date "2003.??.??"]
[Round "1.2"]
[White "Dbaly, Vaclav"]
[Black "Vladyka, Vaclav"]
[Result "1-0"]
[WhiteElo "2015"]
[BlackElo "2150"]
[PlyCount "71"]
[EventDate "2003.??.??"]
[EventType "tourn (corr)"]
[EventRounds "2"]
[SourceDate "2004.??.??"]

1. e4 e5 2. Nf3 Nc6 3. d4 exd4 4. Nxd4 Nxd4 5. Qxd4 Qf6 6. Be3 Qxd4 7. Bxd4 Ne7
8. Nc3 Nc6 9. Be3 Bb4 10. O-O-O Bxc3 11. bxc3 d6 12. f4 O-O 13. Kd2 Bg4 14. Rb1
b6 15. Bd3 Bd7 16. Rhd1 Rae8 17. h3 f5 18. exf5 Bxf5 19. g4 Bxd3 20. cxd3 d5
21. Re1 g6 22. Re2 Re7 23. Rbe1 a6 24. Rf2 Ref7 25. f5 d4 26. cxd4 gxf5 27. Bh6
Rd8 28. gxf5 Nxd4 29. f6 Nc6 30. Rf4 a5 31. Re6 Nb4 32. Rd4 Ra8 33. Rg4+ Kh8
34. Rg7 Rxg7 35. fxg7+ Kg8 36. Rf6 1-0

[Event "14PCR_PF03"]
[Site "?"]
[Date "2003.??.??"]
[Round "1.2"]
[White "Hladecek, Miroslav"]
[Black "Kuchtova, Ruzena"]
[Result "1/2-1/2"]
[WhiteElo "2240"]
[BlackElo "2155"]
[PlyCount "85"]
[EventDate "2003.??.??"]
[EventType "tourn (corr)"]
[EventRounds "2"]
[SourceDate "2004.??.??"]

1. e4 c5 2. Nf3 Nc6 3. Bc4 Nf6 4. d3 e6 5. Qe2 d5 6. exd5 Nxd5 7. O-O Be7 8.
Nbd2 O-O 9. Nb3 a6 10. a4 b6 11. d4 cxd4 12. Rd1 Bb7 13. Nfxd4 Nxd4 14. Nxd4
Qd6 15. c3 Rfd8 16. Bb3 Bf6 17. Qg4 Qc7 18. Bc2 Rd7 19. Nf3 Rad8 20. Bh6 b5 21.
axb5 axb5 22. Bg5 Bxg5 23. Qxg5 b4 24. Ne5 h6 25. Qg3 Rd6 26. c4 Ne7 27. Rxd6
Qxd6 28. Ng4 Qxg3 29. hxg3 Rd2 30. Ne3 Nc6 31. Rd1 Rxd1+ 32. Bxd1 Nb8 33. f4
Na6 34. Bf3 Bxf3 35. gxf3 Kf8 36. Nc2 Ke7 37. Kf2 b3 38. Nd4 Nc5 39. Ke3 g5 40.
fxg5 hxg5 41. f4 gxf4+ 42. gxf4 f6 43. Kd2 1/2-1/2

[Event "14PCR_PF03"]
[Site "?"]
[Date "2003.??.??"]
[Round "1.3"]
[White "Kuchtova, Ruzena"]
[Black "Dudek, Karel"]
[Result "1-0"]
[WhiteElo "2155"]
[BlackElo "1955"]
[PlyCount "61"]
[EventDate "2003.??.??"]
[EventType "tourn (corr)"]
[EventRounds "2"]
[SourceDate "2004.??.??"]

1. c4 e5 2. Nc3 Nf6 3. Nf3 Nc6 4. g3 Bb4 5. Bg2 O-O 6. O-O e4 7. Ng5 Bxc3 8.
bxc3 Re8 9. d3 exd3 10. exd3 h6 11. Nf3 d5 12. cxd5 Nxd5 13. Bb2 Bf5 14. Re1
Qd7 15. d4 Bh3 16. Bxh3 Qxh3 17. c4 Rxe1+ 18. Nxe1 Nf6 19. d5 Ng4 20. Nf3 Ne7
21. Qf1 Qxf1+ 22. Kxf1 Rd8 23. h3 Nf6 24. Bxf6 gxf6 25. Rd1 Nf5 26. Nd2 b5 27.
Ke2 Kg7 28. cxb5 Rxd5 29. a4 Nd4+ 30. Kd3 Nc2+ 31. Kxc2 1-0

[Event "14PCR_PF03"]
[Site "?"]
[Date "2003.??.??"]
[Round "1.3"]
[White "Vladyka, Vaclav"]
[Black "Hladecek, Miroslav"]
[Result "0-1"]
[WhiteElo "2150"]
[BlackElo "2240"]
[PlyCount "104"]
[EventDate "2003.??.??"]
[EventType "tourn (corr)"]
[EventRounds "2"]
[SourceDate "2004.??.??"]

1. e4 e5 2. Nf3 Nf6 3. Nxe5 d6 4. Nf3 Nxe4 5. Nc3 Nf6 6. d4 Be7 7. Bd3 O-O 8.
O-O d5 9. h3 Re8 10. Ne2 Nbd7 11. c3 c6 12. Ng3 Bd6 13. Nf5 Bf8 14. Qc2 c5 15.
dxc5 Nxc5 16. Bb5 Bxf5 17. Qxf5 Re4 18. Bg5 a6 19. Bxf6 Qxf6 20. Qxf6 gxf6 21.
b4 axb5 22. bxc5 Bxc5 23. Rad1 Rd8 24. Rb1 b4 25. cxb4 Bxb4 26. Rfd1 b6 27. Rb2
Bc5 28. Kf1 Ra4 29. Nd2 Kf8 30. Nb3 Ke7 31. Ke2 Rf4 32. f3 Ra4 33. Rc2 Kd6 34.
g4 Re8+ 35. Kf1 f5 36. Kg2 Rea8 37. Rdd2 Be3 38. Re2 d4 39. Rb2 Kd5 40. Kf1 f4
41. h4 d3 42. Rg2 Rc8 43. g5 Ra3 44. Rb1 Rc2 45. Rd1 Rxg2 46. Kxg2 Rxa2+ 47.
Kh3 Kc4 48. Nc1 Bxc1 49. Rxc1+ Kd4 50. Rc7 d2 51. Rd7+ Ke3 52. Kg4 Ra4 0-1

[Event "14PCR_PF03"]
[Site "?"]
[Date "2003.??.??"]
[Round "1.3"]
[White "Mudra, Oldrich"]
[Black "Dbaly, Vaclav"]
[Result "1/2-1/2"]
[WhiteElo "2145"]
[BlackElo "2015"]
[PlyCount "30"]
[EventDate "2003.??.??"]
[EventType "tourn (corr)"]
[EventRounds "2"]
[SourceDate "2004.??.??"]

1. d4 Nf6 2. c4 g6 3. Nf3 d5 4. Nc3 Bg7 5. Bf4 O-O 6. Rc1 dxc4 7. e4 c5 8. dxc5
Qxd1+ 9. Rxd1 Na6 10. Bxc4 Nxc5 11. e5 Nfd7 12. Nd5 e6 13. Nc3 a6 14. b4 Nb6
15. Be2 Nca4 1/2-1/2

[Event "14PCR_PF03"]
[Site "?"]
[Date "2003.??.??"]
[Round "1.3"]
[White "Jarabinsky, Martin"]
[Black "Kyzlink, Vladimir"]
[Result "0-1"]
[WhiteElo "2135"]
[BlackElo "2115"]
[PlyCount "74"]
[EventDate "2003.??.??"]
[EventType "tourn (corr)"]
[EventRounds "2"]
[SourceDate "2004.??.??"]

1. d4 d5 2. Nf3 c6 3. c4 e6 4. Nc3 dxc4 5. a4 Bb4 6. e3 b5 7. Bd2 a5 8. axb5
Bxc3 9. Bxc3 cxb5 10. b3 Bb7 11. d5 Nf6 12. bxc4 b4 13. Bxf6 Qxf6 14. Nd4 O-O
15. Be2 exd5 16. Bf3 Nc6 17. c5 Ne5 18. Be2 Rfc8 19. O-O Nc4 20. Ra2 Rxc5 21.
h3 g6 22. Qa1 Qb6 23. Rb1 Rc7 24. Kh1 Bc6 25. Nxc6 Rxc6 26. Bd1 Rc5 27. Bb3 Qc7
28. Rc2 Nb6 29. Ra2 Qc6 30. Bd1 Qb5 31. Qf6 a4 32. Qa1 Rac8 33. Bf3 b3 34. Be2
Qb4 35. Bg4 Rc3 36. Bd1 a3 37. Bf3 b2 0-1

[Event "14PCR_PF03"]
[Site "?"]
[Date "2003.??.??"]
[Round "1.4"]
[White "Dudek, Karel"]
[Black "Kyzlink, Vladimir"]
[Result "1/2-1/2"]
[WhiteElo "1955"]
[BlackElo "2115"]
[PlyCount "48"]
[EventDate "2003.??.??"]
[EventType "tourn (corr)"]
[EventRounds "2"]
[SourceDate "2004.??.??"]

1. e4 e5 2. Nc3 Nc6 3. Nf3 Nf6 4. d4 exd4 5. Nxd4 Bb4 6. Nxc6 bxc6 7. Bd3 d5 8.
exd5 cxd5 9. O-O O-O 10. Bg5 c6 11. Ne2 h6 12. Bf4 c5 13. c3 Ba5 14. Qc2 Re8
15. Ng3 Bc7 16. Bxc7 Qxc7 17. Rfe1 Bb7 18. Bb5 Bc6 19. Bxc6 Qxc6 20. Rad1 g6
21. b3 Rxe1+ 22. Rxe1 a5 23. Qd2 Kg7 24. f3 Qb6 1/2-1/2

[Event "14PCR_PF03"]
[Site "?"]
[Date "2003.??.??"]
[Round "1.4"]
[White "Dbaly, Vaclav"]
[Black "Jarabinsky, Martin"]
[Result "1/2-1/2"]
[WhiteElo "2015"]
[BlackElo "2135"]
[PlyCount "79"]
[EventDate "2003.??.??"]
[EventType "tourn (corr)"]
[EventRounds "2"]
[SourceDate "2004.??.??"]

1. e4 c5 2. Nf3 d6 3. d4 cxd4 4. Nxd4 Nf6 5. Nc3 Nc6 6. Bg5 e6 7. Qd2 Nxd4 8.
Qxd4 Be7 9. Bb5+ Bd7 10. Bxd7+ Qxd7 11. Rd1 Qc7 12. Bxf6 Bxf6 13. Qa4+ Qd7 14.
Qxd7+ Kxd7 15. Nb5 Bxb2 16. Nxd6 Ke7 17. Nc4 Bc3+ 18. Ke2 Rac8 19. Ne3 b5 20.
Rd3 Rhd8 21. Rhd1 Rxd3 22. Rxd3 g5 23. g3 b4 24. Nd1 Be5 25. Kd2 g4 26. Ne3
Bc3+ 27. Kd1 h5 28. Kc1 a5 29. Kd1 Kf6 30. Rd7 Rc6 31. Ke2 Be5 32. Rd8 Bb2 33.
Ra8 Rc5 34. Kd3 Rc3+ 35. Kd2 Ra3 36. Nc4 Bc3+ 37. Kd3 Rxa2 38. Rxa5 Rxa5 39.
Nxa5 Ke7 40. Nc6+ 1/2-1/2

[Event "14PCR_PF03"]
[Site "?"]
[Date "2003.??.??"]
[Round "1.4"]
[White "Hladecek, Miroslav"]
[Black "Mudra, Oldrich"]
[Result "1-0"]
[WhiteElo "2240"]
[BlackElo "2145"]
[PlyCount "79"]
[EventDate "2003.??.??"]
[EventType "tourn (corr)"]
[EventRounds "2"]
[SourceDate "2004.??.??"]

1. e4 c6 2. d4 d5 3. e5 Bf5 4. Nf3 e6 5. Nbd2 Nd7 6. Be2 c5 7. O-O Rc8 8. c3
Ne7 9. dxc5 Rxc5 10. Nd4 Bg6 11. N2b3 Rc8 12. f4 a6 13. Be3 Nf5 14. Nxf5 Bxf5
15. Rc1 Be7 16. Nd4 Be4 17. f5 Bg5 18. Qd2 Bxe3+ 19. Qxe3 O-O 20. fxe6 Nxe5 21.
exf7+ Rxf7 22. Rxf7 Nxf7 23. Bg4 Ra8 24. Be6 Qd6 25. Rf1 Rf8 26. c4 a5 27. Qf2
Bg6 28. Bxd5 Kh8 29. h4 h5 30. Nb5 Qe7 31. Qf4 b6 32. Nd6 Kg8 33. Rf3 a4 34. b4
axb3 35. axb3 Qe1+ 36. Kh2 Qe7 37. b4 Qc7 38. Rg3 Kh7 39. Rxg6 Nxd6 40. Qxd6
1-0

[Event "14PCR_PF03"]
[Site "?"]
[Date "2003.??.??"]
[Round "1.4"]
[White "Kuchtova, Ruzena"]
[Black "Vladyka, Vaclav"]
[Result "1/2-1/2"]
[WhiteElo "2155"]
[BlackElo "2150"]
[PlyCount "69"]
[EventDate "2003.??.??"]
[EventType "tourn (corr)"]
[EventRounds "2"]
[SourceDate "2004.??.??"]

1. c4 c5 2. Nf3 Nf6 3. Nc3 Nc6 4. d4 cxd4 5. Nxd4 g6 6. e4 Nxd4 7. Qxd4 d6 8.
Be2 Bg7 9. O-O O-O 10. Qe3 Qb6 11. Qxb6 axb6 12. Re1 Be6 13. Bd3 Rfc8 14. Nd5
Nxd5 15. exd5 Bf5 16. Bxf5 gxf5 17. Rxe7 Rxc4 18. Rxb7 Bd4 19. Be3 Bxb2 20. Rb1
Rxa2 21. Bh6 Rc8 22. Rxb6 Be5 23. g3 Bg7 24. Rb8 Rac2 25. Bf4 Bf8 26. Kg2 Kg7
27. h3 R2c5 28. Rxc8 Rxc8 29. Rb5 Rc3 30. Kf1 h5 31. Ra5 Rd3 32. Be3 Kg6 33.
Ke2 Rb3 34. h4 Be7 35. Bf4 1/2-1/2

[Event "14PCR_PF03"]
[Site "?"]
[Date "2003.??.??"]
[Round "1.5"]
[White "Vladyka, Vaclav"]
[Black "Dudek, Karel"]
[Result "1/2-1/2"]
[WhiteElo "2150"]
[BlackElo "1955"]
[PlyCount "67"]
[EventDate "2003.??.??"]
[EventType "tourn (corr)"]
[EventRounds "2"]
[SourceDate "2004.??.??"]

1. e4 c5 2. Nf3 Nf6 3. e5 Nd5 4. Nc3 Nxc3 5. dxc3 d5 6. exd6 Qxd6 7. Be3 Bg4 8.
Qxd6 exd6 9. Be2 Nc6 10. O-O Be7 11. Rad1 O-O 12. h3 Be6 13. Rd2 Rfd8 14. c4 d5
15. cxd5 Rxd5 16. Rxd5 Bxd5 17. Rd1 Be6 18. c4 b6 19. b3 Rd8 20. Rxd8+ Bxd8 21.
Bd3 f5 22. Kf1 Bf6 23. Ke2 h6 24. g3 Kf7 25. h4 Bc3 26. Bf4 Kf6 27. Bc2 Nb4 28.
Bb1 Nc6 29. a3 Bb2 30. a4 Ne5 31. Bxe5+ Bxe5 32. Nxe5 Kxe5 33. Ke3 Kf6 34. Bd3
1/2-1/2

[Event "14PCR_PF03"]
[Site "?"]
[Date "2003.??.??"]
[Round "1.5"]
[White "Mudra, Oldrich"]
[Black "Kuchtova, Ruzena"]
[Result "1/2-1/2"]
[WhiteElo "2145"]
[BlackElo "2155"]
[PlyCount "43"]
[EventDate "2003.??.??"]
[EventType "tourn (corr)"]
[EventRounds "2"]
[SourceDate "2004.??.??"]

1. Nf3 Nf6 2. g3 g6 3. Bg2 Bg7 4. c4 O-O 5. O-O d6 6. d4 Nbd7 7. Nc3 c5 8. b3
Qb6 9. Bb2 Rb8 10. Re1 Re8 11. e3 a6 12. Qd2 Qa5 13. Ne4 Qxd2 14. Nfxd2 Nxe4
15. Bxe4 b5 16. Bc6 Rd8 17. Rab1 Rb6 18. Bg2 b4 19. f4 h6 20. d5 Bxb2 21. Rxb2
Kg7 22. Ne4 1/2-1/2

[Event "14PCR_PF03"]
[Site "?"]
[Date "2003.??.??"]
[Round "1.5"]
[White "Jarabinsky, Martin"]
[Black "Hladecek, Miroslav"]
[Result "1/2-1/2"]
[WhiteElo "2135"]
[BlackElo "2240"]
[PlyCount "46"]
[EventDate "2003.??.??"]
[EventType "tourn (corr)"]
[EventRounds "2"]
[SourceDate "2004.??.??"]

1. d4 Nf6 2. c4 e6 3. Nc3 d5 4. cxd5 exd5 5. Bg5 c6 6. e3 h6 7. Bh4 Bf5 8. Qf3
Bg6 9. Bxf6 Qxf6 10. Qxf6 gxf6 11. O-O-O Nd7 12. Bd3 Rg8 13. g3 Bxd3 14. Rxd3
f5 15. Nf3 Nf6 16. Nh4 Ne4 17. Rf1 Nd6 18. Kc2 a5 19. Rdd1 a4 20. a3 Kd7 21.
Nf3 Nc4 22. Nd2 Nxd2 23. Rxd2 Rg6 1/2-1/2

[Event "14PCR_PF03"]
[Site "?"]
[Date "2003.??.??"]
[Round "1.5"]
[White "Kyzlink, Vladimir"]
[Black "Dbaly, Vaclav"]
[Result "1-0"]
[WhiteElo "2115"]
[BlackElo "2015"]
[PlyCount "85"]
[EventDate "2003.??.??"]
[EventType "tourn (corr)"]
[EventRounds "2"]
[SourceDate "2004.??.??"]

1. e4 e5 2. Nf3 Nc6 3. Bb5 a6 4. Ba4 Nf6 5. O-O Nxe4 6. d4 b5 7. Bb3 d5 8. dxe5
Be6 9. c3 Be7 10. Nbd2 O-O 11. Qe2 Bf5 12. Rd1 Nc5 13. Nf1 Bd3 14. Rxd3 Nxd3
15. Qxd3 Na5 16. Bxd5 c6 17. Be4 Qxd3 18. Bxd3 Rad8 19. Be4 Rd1 20. Bc2 Rd7 21.
Bf4 g6 22. Ne3 c5 23. Rd1 Rfd8 24. Rxd7 Rxd7 25. Be4 Nc4 26. Bc6 Rd8 27. Nd5
Bf8 28. Bg5 Rc8 29. Bd7 Rb8 30. b3 Nb6 31. Nxb6 Rxb6 32. Kf1 h6 33. Be3 Rb8 34.
Ke2 Kg7 35. Nd2 g5 36. Ne4 Rd8 37. Bc6 Rc8 38. Bb7 Re8 39. Nxc5 Bxc5 40. Bxc5
Rxe5+ 41. Be3 Re6 42. c4 bxc4 43. bxc4 1-0

[Event "14PCR_PF03"]
[Site "?"]
[Date "2003.??.??"]
[Round "1.6"]
[White "Dudek, Karel"]
[Black "Dbaly, Vaclav"]
[Result "1/2-1/2"]
[WhiteElo "1955"]
[BlackElo "2015"]
[PlyCount "71"]
[EventDate "2003.??.??"]
[EventType "tourn (corr)"]
[EventRounds "2"]
[SourceDate "2004.??.??"]

1. Nf3 d5 2. g3 g6 3. Bg2 Bg7 4. d4 Nf6 5. O-O O-O 6. c4 c6 7. Qb3 dxc4 8. Qxc4
Be6 9. Qb4 b6 10. Ng5 Bc8 11. Nc3 Nd5 12. Qb3 Bb7 13. Rd1 Nxc3 14. bxc3 Nd7 15.
Ba3 Rb8 16. Rab1 h6 17. Nh3 g5 18. e4 b5 19. f4 gxf4 20. Nxf4 Nb6 21. Nh5 Bh8
22. Bc1 Bg7 23. Bf4 Ra8 24. Rf1 Qd7 25. Nxg7 Kxg7 26. Qd1 Rh8 27. Qh5 f6 28. e5
Qe8 29. Qg4+ Qg6 30. Qe6 Qf7 31. exf6+ exf6 32. Rbe1 Raf8 33. Bxc6 Qxe6 34.
Rxe6 Bxc6 35. Rxc6 Rc8 36. Rxc8 1/2-1/2

[Event "14PCR_PF03"]
[Site "?"]
[Date "2003.??.??"]
[Round "1.6"]
[White "Hladecek, Miroslav"]
[Black "Kyzlink, Vladimir"]
[Result "1-0"]
[WhiteElo "2240"]
[BlackElo "2115"]
[PlyCount "81"]
[EventDate "2003.??.??"]
[EventType "tourn (corr)"]
[EventRounds "2"]
[SourceDate "2004.??.??"]

1. e4 e5 2. Nf3 Nc6 3. Bc4 Bc5 4. d3 Nf6 5. O-O h6 6. c3 d6 7. b4 Bb6 8. a4 a6
9. a5 Ba7 10. Be3 Bxe3 11. fxe3 O-O 12. Qe1 Be6 13. Bxe6 fxe6 14. Nbd2 d5 15.
Qe2 Qe7 16. Rab1 Rfd8 17. Qe1 dxe4 18. Nxe4 Nxe4 19. dxe4 Rd3 20. Rc1 Rad8 21.
Qe2 R3d6 22. Ra1 Qe8 23. b5 axb5 24. Qxb5 Rb8 25. Rab1 Ra8 26. Ra1 Ra7 27. c4
Qg6 28. c5 Rd8 29. a6 Rb8 30. axb7 Qxe4 31. Rxa7 Nxa7 32. Qd7 Qxe3+ 33. Kh1 Qe4
34. Ng1 Qc6 35. Qe7 Qe8 36. Qxc7 Nb5 37. Qb6 Nd4 38. Ra1 Kh7 39. Qc7 Nc6 40.
Rd1 Nd4 41. c6 1-0

[Event "14PCR_PF03"]
[Site "?"]
[Date "2003.??.??"]
[Round "1.6"]
[White "Kuchtova, Ruzena"]
[Black "Jarabinsky, Martin"]
[Result "1/2-1/2"]
[WhiteElo "2155"]
[BlackElo "2135"]
[PlyCount "62"]
[EventDate "2003.??.??"]
[EventType "tourn (corr)"]
[EventRounds "2"]
[SourceDate "2004.??.??"]

1. c4 Nf6 2. Nc3 e5 3. Nf3 Nc6 4. g3 d5 5. cxd5 Nxd5 6. d3 Be7 7. Bg2 Be6 8.
O-O Nb6 9. a4 a5 10. Bd2 O-O 11. Nb5 f6 12. Qc2 Rc8 13. Rad1 Nb4 14. Bxb4 axb4
15. a5 Nd5 16. a6 b3 17. Qc1 Qd7 18. axb7 Rb8 19. Nc3 Rxb7 20. d4 Nxc3 21. Qxc3
e4 22. Nd2 f5 23. f3 Bf6 24. Nc4 c5 25. Ne5 Qb5 26. d5 Bd7 27. Rd2 Rc8 28. f4
Ra7 29. Rc1 c4 30. e3 Bd8 31. Rdd1 Ra4 1/2-1/2

[Event "14PCR_PF03"]
[Site "?"]
[Date "2003.??.??"]
[Round "1.6"]
[White "Vladyka, Vaclav"]
[Black "Mudra, Oldrich"]
[Result "1/2-1/2"]
[WhiteElo "2150"]
[BlackElo "2145"]
[PlyCount "72"]
[EventDate "2003.??.??"]
[EventType "tourn (corr)"]
[EventRounds "2"]
[SourceDate "2004.??.??"]

1. e4 c6 2. d4 d5 3. exd5 cxd5 4. Bd3 Nc6 5. c3 Nf6 6. Bf4 Bg4 7. Qb3 Qc8 8.
Nd2 g6 9. Ngf3 Bg7 10. O-O O-O 11. Rfe1 e6 12. h3 Bxf3 13. Nxf3 Rd8 14. Ne5
Nxe5 15. Bxe5 Nh5 16. Bxg7 Nxg7 17. Qd1 Qc7 18. Re5 f6 19. Re2 Nh5 20. Rxe6 Nf4
21. Re3 Re8 22. Bf1 Rxe3 23. fxe3 Nh5 24. Qb3 Rd8 25. c4 f5 26. cxd5 Kg7 27. a4
Nf6 28. Bc4 Ne4 29. Be2 Qg3 30. Rf1 Rd7 31. Qd3 Ng5 32. Kh1 Nxh3 33. Qb5 Rf7
34. gxh3 Qxh3+ 35. Kg1 Qg3+ 36. Kh1 Qh3+ 1/2-1/2

[Event "14PCR_PF03"]
[Site "?"]
[Date "2003.??.??"]
[Round "1.7"]
[White "Mudra, Oldrich"]
[Black "Dudek, Karel"]
[Result "1/2-1/2"]
[WhiteElo "2145"]
[BlackElo "1955"]
[PlyCount "66"]
[EventDate "2003.??.??"]
[EventType "tourn (corr)"]
[EventRounds "2"]
[SourceDate "2004.??.??"]

1. d3 d5 2. Nf3 Nf6 3. g3 Bf5 4. Bg2 c6 5. Bf4 Nbd7 6. O-O Nh5 7. Bd2 e5 8. e4
Bg4 9. exd5 cxd5 10. h3 Bxf3 11. Bxf3 Nhf6 12. Nc3 d4 13. Nd5 Rb8 14. Nxf6+
Qxf6 15. Bg4 Qc6 16. Re1 Bd6 17. Rc1 O-O 18. c3 f5 19. Qb3+ Kh8 20. cxd4 Qb6
21. Qxb6 axb6 22. dxe5 Bxe5 23. Bf3 Bxb2 24. Rb1 Bd4 25. Rb4 Ne5 26. Be2 Rbd8
27. a3 Ra8 28. Rb3 Nd7 29. Bc1 Nc5 30. Rb1 g6 31. Rd1 Na4 32. Rb4 Nc3 33. Re1
Rfe8 1/2-1/2

[Event "14PCR_PF03"]
[Site "?"]
[Date "2003.??.??"]
[Round "1.7"]
[White "Jarabinsky, Martin"]
[Black "Vladyka, Vaclav"]
[Result "1-0"]
[WhiteElo "2135"]
[BlackElo "2150"]
[PlyCount "87"]
[EventDate "2003.??.??"]
[EventType "tourn (corr)"]
[EventRounds "2"]
[SourceDate "2004.??.??"]

1. d4 d5 2. Nf3 Nf6 3. c4 dxc4 4. e3 Bg4 5. Bxc4 e6 6. h3 Bh5 7. Nc3 a6 8. O-O
Nc6 9. b3 Bd6 10. Be2 O-O 11. Bb2 Qe7 12. Rc1 Rfe8 13. Nd2 Bxe2 14. Qxe2 Rad8
15. Nce4 Nxe4 16. Nxe4 e5 17. d5 Nb8 18. Rfd1 f5 19. Nxd6 cxd6 20. Ba3 Rc8 21.
e4 f4 22. Rxc8 Rxc8 23. Qg4 Re8 24. Rc1 Qd8 25. Bb4 g6 26. Qe2 Rf8 27. Qd2 f3
28. g3 Qd7 29. Kh2 b6 30. Qc3 a5 31. Ba3 Na6 32. Qc6 Qxc6 33. Rxc6 Nb4 34. Rxd6
Nxa2 35. Rxb6 Rc8 36. Bd6 Nb4 37. Bxb4 axb4 38. g4 Kf7 39. Rxb4 Rc3 40. Rb7+
Kf6 41. Rxh7 Rxb3 42. h4 g5 43. hxg5+ Kxg5 44. Kg3 1-0

[Event "14PCR_PF03"]
[Site "?"]
[Date "2003.??.??"]
[Round "1.7"]
[White "Kyzlink, Vladimir"]
[Black "Kuchtova, Ruzena"]
[Result "1/2-1/2"]
[WhiteElo "2115"]
[BlackElo "2155"]
[PlyCount "72"]
[EventDate "2003.??.??"]
[EventType "tourn (corr)"]
[EventRounds "2"]
[SourceDate "2004.??.??"]

1. e4 c5 2. Nf3 Nc6 3. Bb5 e6 4. Bxc6 dxc6 5. e5 Ne7 6. O-O Ng6 7. d3 Be7 8.
Nc3 O-O 9. a4 Qc7 10. Qe2 Bd7 11. b3 Rfd8 12. Bb2 b5 13. Qe3 c4 14. bxc4 bxc4
15. dxc4 Qb6 16. Bc1 Qxe3 17. Bxe3 c5 18. Ne4 Bc6 19. Ned2 Rab8 20. a5 Rb2 21.
c3 f5 22. exf6 gxf6 23. Rfb1 Rc2 24. Rc1 Rxc1+ 25. Rxc1 Rb8 26. Ne1 Kf7 27. h3
h5 28. Rb1 Rxb1 29. Nxb1 f5 30. f3 f4 31. Bf2 Ne5 32. Nd2 a6 33. Nb3 Bd8 34.
Nxc5 Bxa5 35. Nxa6 Bxc3 36. c5 Ke7 1/2-1/2

[Event "14PCR_PF03"]
[Site "?"]
[Date "2003.??.??"]
[Round "1.7"]
[White "Dbaly, Vaclav"]
[Black "Hladecek, Miroslav"]
[Result "1/2-1/2"]
[WhiteElo "2015"]
[BlackElo "2240"]
[PlyCount "79"]
[EventDate "2003.??.??"]
[EventType "tourn (corr)"]
[EventRounds "2"]
[SourceDate "2004.??.??"]

1. e4 e5 2. Nf3 Nf6 3. Nxe5 d6 4. Nf3 Nxe4 5. d4 Be7 6. Bd3 Nf6 7. h3 O-O 8.
O-O Re8 9. c4 Na6 10. Nc3 Nb4 11. Bb1 d5 12. a3 Nc6 13. cxd5 Nxd5 14. Re1 Be6
15. Qd3 g6 16. Ba2 Qd7 17. Bg5 Rad8 18. Ne4 Bf5 19. Qb5 Nxd4 20. Qxd7 Nxf3+ 21.
gxf3 Rxd7 22. Bxe7 Nxe7 23. Nf6+ Kf8 24. Rac1 Red8 25. Nxd7+ Rxd7 26. Kg2 c6
27. Rcd1 Nd5 28. Kg3 Be6 29. b4 Kg7 30. f4 a6 31. Bb3 Kf6 32. Rd2 h6 33. Rd4
Rd8 34. Bc4 h5 35. h4 Rd6 36. f3 Rd7 37. Bd3 Re7 38. Re5 Rc7 39. Be4 Nc3 40.
Rd2 1/2-1/2